000 00534nam a2200169 i 4500
001 26909
003 ES-MaACL
005 20230906153525.0
007 t|
008 030113s1965 sp ||||1| spa d
100 1 _aAschen, Robert.
_923539
245 1 4 _aLas medidas fundamentales en televisión /
_cRobert Aschen ; [traducida por Manuel Sagardía Valcarce].
260 _aMadrid :
_bParaninfo,
_c1965.
300 _a136 p. :
_bil. ;
_c22 cm.
700 1 _aSagardía Valcarce, Manuel.
_9101404
852 _aES-MaACL
_jC-27965
_bR.57318
999 _c26909
_d26909